Basketball at the Summer Olympics - Statistics

General Stats
  • This quiz has been taken 217 times
    102 since last reset
  • The average score is 85 of 102
Answer Stats
Olympics Medal Team % Correct
1936 Berlin - Men Gold United States
100%
1948 London - Men Gold United States
100%
1952 Helsinki - Men Gold United States
100%
1956 Melbourne - Men Gold United States
100%
1960 Rome - Men Gold United States
100%
1964 Tokyo - Men Gold United States
100%
1968 Mexico City - Men Gold United States
100%
1972 Munich - Men Silver United States
100%
1976 Montreal - Men Gold United States
100%
1984 Los Angeles - Men Gold United States
100%
1988 Seoul - Men Bronze United States
100%
1992 Barcelona - Men Gold United States
100%
1996 Atlanta - Men Gold United States
100%
2000 Sydney - Men Gold United States
100%
2004 Athens - Men Bronze United States
100%
2008 Beijing - Men Gold United States
100%
2012 London - Men Gold United States
100%
2016 Rio de Janeiro - Men Gold United States
100%
2020 Tokyo - Men Gold United States
100%
2024 Paris - Men Gold United States
100%
1976 Montreal - Women Silver United States
100%
1984 Los Angeles - Women Gold United States
100%
1988 Seoul - Women Gold United States
100%
1992 Barcelona - Women Bronze United States
100%
1996 Atlanta - Women Gold United States
100%
2000 Sydney - Women Gold United States
100%
2004 Athens - Women Gold United States
100%
2008 Beijing - Women Gold United States
100%
2012 London - Women Gold United States
100%
2016 Rio de Janeiro - Women Gold United States
100%
2020 Tokyo - Women Gold United States
100%
2024 Paris - Women Gold United States
100%
1948 London - Men Silver France
99%
2000 Sydney - Men Silver France
99%
2020 Tokyo - Men Silver France
99%
2024 Paris - Men Silver France
99%
2012 London - Women Silver France
99%
2020 Tokyo - Women Bronze France
99%
2024 Paris - Women Silver France
99%
1984 Los Angeles - Men Silver Spain
97%
2008 Beijing - Men Silver Spain
97%
2012 London - Men Silver Spain
97%
2016 Rio de Janeiro - Men Bronze Spain
97%
2016 Rio de Janeiro - Women Silver Spain
97%
2004 Athens - Men Gold Argentina
89%
2008 Beijing - Men Bronze Argentina
89%
2016 Rio de Janeiro - Men Silver Serbia
84%
2024 Paris - Men Bronze Serbia
84%
2016 Rio de Janeiro - Women Bronze Serbia
84%
2020 Tokyo - Men Bronze Australia
83%
1996 Atlanta - Women Bronze Australia
83%
2000 Sydney - Women Silver Australia
83%
2004 Athens - Women Silver Australia
83%
2008 Beijing - Women Silver Australia
83%
2012 London - Women Bronze Australia
83%
2024 Paris - Women Bronze Australia
83%
1936 Berlin - Men Silver Canada
83%
1984 Los Angeles - Women Bronze China
83%
1992 Barcelona - Women Silver China
83%
1948 London - Men Bronze Brazil
81%
1960 Rome - Men Bronze Brazil
81%
1964 Tokyo - Men Bronze Brazil
81%
1996 Atlanta - Women Silver Brazil
81%
2000 Sydney - Women Bronze Brazil
81%
1952 Helsinki - Men Silver Soviet Union
81%
1956 Melbourne - Men Silver Soviet Union
81%
1960 Rome - Men Silver Soviet Union
81%
1964 Tokyo - Men Silver Soviet Union
81%
1968 Mexico City - Men Bronze Soviet Union
81%
1972 Munich - Men Gold Soviet Union
81%
1976 Montreal - Men Bronze Soviet Union
81%
1980 Moscow - Men Bronze Soviet Union
81%
1988 Seoul - Men Gold Soviet Union
81%
1976 Montreal - Women Gold Soviet Union
81%
1980 Moscow - Women Gold Soviet Union
81%
1988 Seoul - Women Bronze Soviet Union
81%
2020 Tokyo - Women Silver Japan
78%
2012 London - Men Bronze Russia
77%
2004 Athens - Women Bronze Russia
77%
2008 Beijing - Women Bronze Russia
77%
1980 Moscow - Men Silver Italy
67%
2004 Athens - Men Silver Italy
67%
1968 Mexico City - Men Silver Yugoslavia
67%
1976 Montreal - Men Silver Yugoslavia
67%
1980 Moscow - Men Gold Yugoslavia
67%
1984 Los Angeles - Men Bronze Yugoslavia
67%
1988 Seoul - Men Silver Yugoslavia
67%
1996 Atlanta - Men Silver Yugoslavia
67%
1980 Moscow - Women Bronze Yugoslavia
67%
1988 Seoul - Women Silver Yugoslavia
67%
1936 Berlin - Men Bronze Mexico
64%
1992 Barcelona - Men Silver Croatia
57%
1992 Barcelona - Men Bronze Lithuania
57%
1996 Atlanta - Men Bronze Lithuania
57%
2000 Sydney - Men Bronze Lithuania
57%
1984 Los Angeles - Women Silver South Korea
39%
1972 Munich - Men Bronze Cuba
36%
1976 Montreal - Women Bronze Bulgaria
31%
1980 Moscow - Women Silver Bulgaria
31%
1992 Barcelona - Women Gold Unified Team
20%
1952 Helsinki - Men Bronze Uruguay
17%
1956 Melbourne - Men Bronze Uruguay
17%
No matching quizzes found
Score Distribution
Percent of People with Each Score
Percentile by Number Answered
Your Score History
You have not taken this quiz since the last reset